000 004360000a22001570004500
003 MACL
005 20180223154232.0
008 180223b xxu||||| |||| 00| 0 eng d
040 _cmacl
100 _a रावत, डॉ रमेश
_970591
245 _aभाषा विज्ञान
260 _b पंचशील प्रकाशन
_c2005
350 _a400
650 _aभाषा
_970592
942 _cHIN
_k400
_2ddc
999 _c19235
_d19235